Nenne alle Taylor Swift Alben - Statistiken

Allgemein
  • Dieses Quiz wurde 914 mal gespielt
  • Das Durchschnittsergebnis liegt bei 10 aus 11
Antwortstatistiken
Jahr Album % Korrekt
2012 Red
97%
2014 1989
96%
2020 Folklore
95%
2019 Lover
95%
2017 Reputation
95%
2006 Taylor Swift
94%
2020 Evermore
92%
2008 Fearless
90%
2022 Midnights
90%
2024 The Tortured Poets Department
89%
2010 Speak Now
88%
Keine übereinstimmenden Quizze gefunden
Verteilung der Resultate
Anzahl Personen mit jedem Resultat
Perzentil nach korrekt beantworteten Fragen
Ihre Resultats-Entwicklung
Sie haben dieses Quiz noch nicht gespielt